Sports Quiz

Random Sports or University Quiz

Pistons averaging at least 1 block/game on a season Quiz Stats

Quiz not verified by Sporcle

Challenge
Share
Tweet
Embed
Score 0/26 Timer 07:00
0 Plays Today
University Player % Correct
Notre Dame '79Bill Laimbeer
94.1%
Virginia Union (undrafted)Ben Wallace
94.1%
North Carolina '95Rasheed Wallace
94.1%
St. Bonaventure '70Bob Lanier
79.4%
Connecticut '12Andre Drummond
79.4%
Oak Hill Academy HS '04Josh Smith
67.6%
Westchester HS '05Amir Johnson
58.8%
Georgia Institute of Technology '86John Salley
55.9%
Cincinnati '05Jason Maxiell
50%
Wyoming '95Theo Ratliff
41.2%
Connecticut '89Clifford Robinson
41.2%
SerbiaZeljko Rebraca
32.4%
Nevada, Reno '79Edgar Jones
29.4%
University Player % Correct
Albany State '79Charles Jones
29.4%
North Carolina '72Bob McAdoo
26.5%
Arkansas '92Oliver Miller
26.5%
Michigan State '79Greg Kelser
23.5%
Indiana '77Kent Benson
20.6%
Virginia '87Olden Polynice
20.6%
Nebraska (undrafted)Mikki Moore
20.6%
Detroit Mercy '78Terry Tyler
17.6%
Wichita State '82Cliff Levingston
17.6%
Old Dominion '83Mark West
17.6%
Central Michigan '75Dan Roundfield
14.7%
Alabama '76Leon Douglas
8.8%
Central Michigan '77Ben Poquette
5.9%

You're not logged in!

Compare scores with friends on all Sporcle quizzes.
Sign Up with Email
OR
Log In

You Might Also Like...

Show Comments

Extras

Top Quizzes Today


Score Distribution

Your Account Isn't Verified!

In order to create a playlist on Sporcle, you need to verify the email address you used during registration. Go to your Sporcle Settings to finish the process.

Report this User

Report this user for behavior that violates our Community Guidelines.

Details: